000 00628nam a2200241 i 4500
001 C2-0110933
003 PPAK
005 20180727103258.0
008 970629s1994 my a|||| ||||| | eng d
020 _a1863511180
040 _aPPAK
_beng
_cPPAK
_erda
082 0 4 _a135.3
_223
090 0 0 _a135.3
_bHAN
_dG
100 1 _aHanger, Joan,
_eauthor
245 1 0 _aIn your dreams
264 1 _aKuala Lumpur :
_bS. Abdul Majeed ,
_c1994
300 _a62 pages :
_billustrations ;
_c21 cm
336 _2rdacontent
_atext
337 _2rdamedia
_aunmediated
338 _2rdacarrier
_avolume
650 1 0 _aDreams
942 _ddc
_cB
999 _c27602
_d27602